[Event "SV Mülheim-Nord 2 - SF Brackel 1"]
[Site "Oberliga NRW 2021/2022"]
[Date "2022.05.08"]
[Round "9.1"]
[White "Fiebig, Thomas"]
[Black "Buckels, Valentin"]
[Result "1/2-1/2"]
[WhiteElo "2415"]
[BlackElo "2426"]
[PlyCount "86"]
[EventDate "2022.??.??"]
[SourceVersionDate "2020.03.16"]
[WhiteTeam "SF Brackel 1"]
[BlackTeam "SV Mülheim-Nord 2"]

1. e4 e5 2. Nf3 Nc6 3. Bb5 a6 4. Bxc6 dxc6 5. Nc3 f6 6. d4 exd4 7. Qxd4 Qxd4 8.
Nxd4 Bd7 9. f3 O-O-O 10. Kf2 Ne7 11. Be3 f5 12. Rad1 Re8 13. Rhe1 c5 14. Nxf5
Nxf5 15. exf5 Bxf5 16. Bg5 Bd6 17. Ne4 Bxe4 18. Rxe4 Rxe4 19. fxe4 Rf8+ 20. Ke2
Bxh2 21. Rh1 Be5 22. b3 h6 23. Be3 b6 24. c4 Kd7 25. g4 Ke6 26. g5 hxg5 27.
Bxg5 b5 28. Rc1 Bb2 29. Rb1 Rh8 30. Bf4 Be5 31. Bxe5 Kxe5 32. Rg1 Rh2+ 33. Kd3
Rh3+ 34. Kc2 Kd4 35. Rxg7 Rh2+ 36. Kb1 bxc4 37. e5 Rh1+ 38. Kc2 cxb3+ 39. axb3
Rh2+ 40. Kb1 Kxe5 41. Rxc7 Kd4 42. Rc6 a5 43. Rc8 Kc3 1/2-1/2

[Event "SV Mülheim-Nord 2 - SF Brackel 1"]
[Site "Oberliga NRW 2021/2022"]
[Date "2022.05.08"]
[Round "9.2"]
[White "Rezazadeh, Amir"]
[Black "Luft, Dennis"]
[Result "1/2-1/2"]
[WhiteElo "2302"]
[BlackElo "2263"]
[PlyCount "104"]
[EventDate "2022.??.??"]
[SourceVersionDate "2020.03.16"]
[WhiteTeam "SV Mülheim-Nord 2"]
[BlackTeam "SF Brackel 1"]

1. d4 d5 2. Bf4 e6 3. e3 Bd6 4. Bg3 Nf6 5. Nd2 O-O 6. Bd3 b6 7. Qe2 c5 8. c3
Qc7 9. Bh4 Nbd7 10. f4 Bb7 11. Ngf3 Ne4 12. O-O f5 13. Ne5 Ndf6 14. Ndf3 Bc6
15. Nxc6 Qxc6 16. c4 cxd4 17. Nxd4 Qe8 18. cxd5 Nxd5 19. Bb5 Qf7 20. Rad1 Bc5
21. Bc4 Rfe8 22. Bb3 Bxd4 23. Rxd4 Rac8 24. Rfd1 Rc5 25. h3 h6 26. Be1 Nef6 27.
Bh4 Kh7 28. Bxf6 Nxf6 29. Qd3 Rc7 30. Rd6 Ne4 31. Rd7 Re7 32. Rxe7 Qxe7 33. Qd8
Qc5 34. Qd4 Qxd4 35. exd4 Rc6 36. g4 Kg6 37. d5 exd5 38. Rxd5 fxg4 39. hxg4 Nf6
40. Re5 Nxg4 41. Re7 a5 42. Kg2 h5 43. Kg3 Nh6 44. Re5 Nf5+ 45. Kh3 Kf6 46. Bd5
Rd6 47. Be4 Nd4 48. Rxh5 Re6 49. Bb7 Re7 50. Bc8 Rc7 51. Bg4 Rc5 52. Rh8 Ne6
1/2-1/2

[Event "SV Mülheim-Nord 2 - SF Brackel 1"]
[Site "Oberliga NRW 2021/2022"]
[Date "2022.05.08"]
[Round "9.3"]
[White "Kartsev, Soel"]
[Black "Lenaerts, Lennert"]
[Result "1/2-1/2"]
[WhiteElo "2193"]
[BlackElo "2362"]
[PlyCount "26"]
[EventDate "2022.??.??"]
[SourceVersionDate "2020.03.16"]
[WhiteTeam "SF Brackel 1"]
[BlackTeam "SV Mülheim-Nord 2"]

1. d4 d5 2. Nf3 Nf6 3. e3 Bg4 4. h3 Bf5 5. Bd3 Bxd3 6. Qxd3 c6 7. Nbd2 Nbd7 8.
O-O e6 9. e4 dxe4 10. Nxe4 Nxe4 11. Qxe4 Nf6 12. Qe2 Be7 13. c4 O-O 1/2-1/2

[Event "SV Mülheim-Nord 2 - SF Brackel 1"]
[Site "Oberliga NRW 2021/2022"]
[Date "2022.05.08"]
[Round "9.4"]
[White "Stillger, Bernhard"]
[Black "Fluechter, Gregor"]
[Result "1/2-1/2"]
[WhiteElo "2238"]
[BlackElo "2230"]
[PlyCount "59"]
[EventDate "2022.??.??"]
[SourceVersionDate "2020.03.16"]
[WhiteTeam "SV Mülheim-Nord 2"]
[BlackTeam "SF Brackel 1"]

1. d4 d5 2. c4 c6 3. cxd5 cxd5 4. Bf4 Nc6 5. e3 Nf6 6. Nc3 e6 7. Bd3 Be7 8. h3
O-O 9. a3 Bd7 10. Nf3 Rc8 11. O-O Nh5 12. Bh2 f5 13. Na4 Nf6 14. Nc5 Ne4 15.
Rc1 Nb8 16. Nxd7 Nxd7 17. Qa4 a6 18. Rc2 Rxc2 19. Qxc2 Bd6 20. Bxe4 Bxh2+ 21.
Nxh2 fxe4 22. Rc1 Nb6 23. Ng4 Nc4 24. b3 Nxa3 25. Qc7 Qxc7 26. Rxc7 Rf7 27.
Rc8+ Rf8 28. Rc7 Rf7 29. Rc8+ Rf8 30. Rc7 1/2-1/2

[Event "SV Mülheim-Nord 2 - SF Brackel 1"]
[Site "Oberliga NRW 2021/2022"]
[Date "2022.05.08"]
[Round "9.5"]
[White "Steinmetzer, Thomas"]
[Black "van Osch, Mees"]
[Result "0-1"]
[WhiteElo "2202"]
[BlackElo "2356"]
[PlyCount "92"]
[EventDate "2022.??.??"]
[SourceVersionDate "2020.03.16"]
[WhiteTeam "SF Brackel 1"]
[BlackTeam "SV Mülheim-Nord 2"]

1. e4 c5 2. Nf3 e6 3. d4 cxd4 4. Nxd4 Nc6 5. g3 Bc5 6. Nb3 Bb6 7. Bg2 Nf6 8.
Nc3 O-O 9. O-O d6 10. Bg5 Ne5 11. Qe2 h6 12. Bf4 a6 13. Rad1 Qc7 14. h3 Rd8 15.
Kh2 Bd7 16. Bc1 Nc4 17. f4 Rac8 18. e5 Ne8 19. Rde1 Ba7 20. Nd2 Nxd2 21. Bxd2
Bc6 22. f5 Bxg2 23. Qxg2 dxe5 24. fxe6 fxe6 25. Re2 Nd6 26. Bc1 Nf5 27. Qe4 Rd4
28. Qf3 Rc4 29. Qh5 Bd4 30. g4 e4+ 31. Bf4 Be5 32. gxf5 Bxf4+ 33. Kh1 Qe5 34.
Qg4 e3 35. fxe6 Bg5 36. Rf5 Qd6 37. Rd5 Qc6 38. Qf5 Rf8 39. Qe5 Bf4 40. Qh5 Bg5
41. e7 Rf7 42. Kg1 Rxe7 43. Rg2 Rxc3 44. Rgxg5 e2 45. Rd8+ Kh7 46. Re5 Rg3+ 0-1

[Event "SV Mülheim-Nord 2 - SF Brackel 1"]
[Site "Oberliga NRW 2021/2022"]
[Date "2022.05.08"]
[Round "9.6"]
[White "Kahleys, Kevin"]
[Black "Korten, Lando"]
[Result "1-0"]
[WhiteElo "2166"]
[BlackElo "2178"]
[PlyCount "81"]
[EventDate "2022.??.??"]
[SourceVersionDate "2020.03.16"]
[WhiteTeam "SV Mülheim-Nord 2"]
[BlackTeam "SF Brackel 1"]

1. d4 Nf6 2. Nf3 g6 3. g3 Bg7 4. Bg2 O-O 5. O-O d6 6. c4 c6 7. Nc3 Bf5 8. Ne1
Be6 9. d5 cxd5 10. cxd5 Bc8 11. a4 Na6 12. Nd3 Nd7 13. Be3 Ndc5 14. Nxc5 Nxc5
15. a5 Bf5 16. Ra3 Qd7 17. Bd4 Bxd4 18. Qxd4 Rfc8 19. Re1 Bh3 20. Bf3 b5 21.
Qh4 h5 22. Nxb5 Qxb5 23. Qxh3 Qxb2 24. Re3 Rc7 25. g4 Qb4 26. Rf1 hxg4 27. Bxg4
Ne4 28. Qh6 Nf6 29. Be6 fxe6 30. Qxg6+ Kf8 31. Rh3 Qg4+ 32. Qxg4 Nxg4 33. Rh8+
Kg7 34. Rxa8 exd5 35. a6 Nf6 36. Rb1 Ne4 37. Rb7 Rc2 38. Rxe7+ Kf6 39. Rexa7
Rxe2 40. Rf8+ Kg6 41. Rc7 1-0

[Event "SV Mülheim-Nord 2 - SF Brackel 1"]
[Site "Oberliga NRW 2021/2022"]
[Date "2022.05.08"]
[Round "9.7"]
[White "Goldschmidt, Christian"]
[Black "Hoenig, Alexander"]
[Result "1/2-1/2"]
[WhiteElo "2184"]
[BlackElo "2176"]
[PlyCount "208"]
[EventDate "2022.??.??"]
[SourceVersionDate "2020.03.16"]
[WhiteTeam "SF Brackel 1"]
[BlackTeam "SV Mülheim-Nord 2"]

1. e4 c6 2. d4 d5 3. exd5 cxd5 4. c4 Nf6 5. Nc3 g6 6. Qb3 e6 7. Nf3 Nc6 8. Bg5
dxc4 9. Bxc4 Be7 10. Bh6 Ng4 11. Bg7 Rg8 12. Be5 Ngxe5 13. dxe5 Qa5 14. Bb5 Bd7
15. O-O Qb4 16. Qxb4 Bxb4 17. Ne4 Ke7 18. Rac1 Rgd8 19. a3 Ba5 20. Nc5 Nxe5 21.
Bxd7 Nxf3+ 22. gxf3 Rxd7 23. Nxd7 Kxd7 24. Rfd1+ Ke7 25. Rd3 Rd8 26. Rxd8 Kxd8
27. f4 Bc7 28. Rc4 Kd7 29. a4 a6 30. Kg2 Bd6 31. Kf3 h5 32. h3 Bc7 33. b4 Bd6
34. b5 axb5 35. axb5 b6 36. Ra4 Ke7 37. Ra7+ Kf6 38. Ke4 Bc5 39. Ra2 Ke7 40.
Rc2 Kd6 41. Rd2+ Ke7 42. Kf3 Bd6 43. Ra2 Bc5 44. Ra7+ Kf6 45. Rc7 Bb4 46. Rc6
Ba5 47. Ke4 Ke7 48. Ke5 f6+ 49. Ke4 Kd7 50. Kd3 Ke7 51. f3 f5 52. Rc7+ Kf6 53.
Rb7 g5 54. fxg5+ Kxg5 55. Re7 Kf6 56. Rh7 Kg6 57. Rc7 h4 58. Rc6 Kf6 59. f4 Ke7
60. Kd4 Kf6 61. Kd3 Ke7 62. Ke2 Kd7 63. Kd3 Ke7 64. Kd4 Kf6 65. Rc2 Be1 66. Ke3
Ke7 67. Rc7+ Kf6 68. Rb7 Bb4 69. Kf3 Ba5 70. Ke2 Kg6 71. Re7 Kf6 72. Rh7 Kg6
73. Rb7 Kf6 74. Kd3 Kg6 75. Ra7 Be1 76. Ke2 Bb4 77. Rc7 Kf6 78. Rc4 Ba5 79. Rc8
Kg7 80. Rb8 Kf7 81. Kd3 Kf6 82. Ra8 Be1 83. Ke2 Bb4 84. Rc8 Ba5 85. Rc6 Ke7 86.
Ke3 Kf7 87. Rc7+ Kf6 88. Rh7 Kg6 89. Rb7 Kf6 90. Kd4 Be1 91. Kd3 Bf2 92. Rh7
Kg6 93. Rh8 Kg7 94. Rh5 Kf6 95. Ke2 Bg3 96. Kf3 Be1 97. Rh7 Kg6 98. Rc7 Kf6 99.
Ra7 Bb4 100. Rc7 Be1 101. Ke2 Bb4 102. Rh7 Kg6 103. Rc7 Kf6 104. Kd3 Be1
1/2-1/2

[Event "SV Mülheim-Nord 2 - SF Brackel 1"]
[Site "Oberliga NRW 2021/2022"]
[Date "2022.05.08"]
[Round "9.8"]
[White "Bus, Tom"]
[Black "Strathoff, Martin"]
[Result "1-0"]
[WhiteElo "2052"]
[BlackElo "2095"]
[PlyCount "53"]
[EventDate "2022.??.??"]
[SourceVersionDate "2020.03.16"]
[WhiteTeam "SV Mülheim-Nord 2"]
[BlackTeam "SF Brackel 1"]

1. Nf3 Nf6 2. c4 g6 3. b3 Bg7 4. Bb2 O-O 5. g3 d6 6. Bg2 e5 7. O-O Nc6 8. d3 h6
9. Nbd2 a5 10. a3 Be6 11. Qc2 Qd7 12. Rfe1 g5 13. d4 exd4 14. Nxd4 Nxd4 15.
Bxd4 c5 16. Bc3 d5 17. cxd5 Bxd5 18. e4 Bc6 19. Nc4 Qd8 20. Rad1 Nd7 21. Rd6 a4
22. Bxg7 Kxg7 23. bxa4 Bxa4 24. Qb2+ f6 25. e5 Qc7 26. exf6+ Nxf6 27. Ree6 1-0

[Event "Langenfelder SF 1 - Kölner SK Dr. Lask"]
[Site "NRW-Liga - Gruppe 1 2021/2022"]
[Date "2021.10.31"]
[Round "1.1"]
[White "Paris, Michael"]
[Black "Stoeber, Michael"]
[Result "1/2-1/2"]
[WhiteElo "2214"]
[BlackElo "2180"]
[PlyCount "53"]
[EventDate "2021.??.??"]
[SourceVersionDate "2020.03.16"]
[WhiteTeam "Kölner SK Dr. Lasker 1"]
[BlackTeam "Langenfelder SF 1"]

1. d4 g6 2. Nf3 Bg7 3. c4 Nf6 4. g3 O-O 5. Bg2 d6 6. O-O Nc6 7. d5 Na5 8. Na3
c5 9. Re1 a6 10. e4 Rb8 11. Rb1 Qc7 12. Qc2 Bd7 13. Bd2 Rfc8 14. Bf1 Qd8 15. e5
Ng4 16. exd6 exd6 17. Bg5 f6 18. Bd2 b5 19. b4 Nxc4 20. Nxc4 bxc4 21. Qxc4 Bf5
22. Rbc1 cxb4 23. Qxa6 Rxc1 24. Rxc1 Be4 25. Nd4 Bxd5 26. Bc4 Bxc4 27. Qxc4+
1/2-1/2

[Event "Langenfelder SF 1 - Kölner SK Dr. Lask"]
[Site "NRW-Liga - Gruppe 1 2021/2022"]
[Date "2021.10.31"]
[Round "1.2"]
[White "Kurth, Justus"]
[Black "Nagel, Bernhard"]
[Result "1/2-1/2"]
[WhiteElo "2205"]
[BlackElo "2141"]
[PlyCount "33"]
[EventDate "2021.??.??"]
[SourceVersionDate "2020.03.16"]
[WhiteTeam "Langenfelder SF 1"]
[BlackTeam "Kölner SK Dr. Lasker 1"]

1. Nf3 d5 2. d4 Nf6 3. c4 e6 4. g3 Be7 5. Bg2 O-O 6. O-O dxc4 7. Ne5 Nc6 8.
Bxc6 bxc6 9. Nxc6 Qe8 10. Nxe7+ Qxe7 11. Qa4 e5 12. dxe5 Qxe5 13. Qxc4 Be6 14.
Qd3 Rad8 15. Qe3 Qh5 16. f3 Rfe8 17. Qg5 1/2-1/2

[Event "Langenfelder SF 1 - Kölner SK Dr. Lask"]
[Site "NRW-Liga - Gruppe 1 2021/2022"]
[Date "2021.10.31"]
[Round "1.3"]
[White "Pawelzik, Malte"]
[Black "Huelsmann, Josef"]
[Result "1-0"]
[WhiteElo "2152"]
[BlackElo "2140"]
[PlyCount "47"]
[EventDate "2021.??.??"]
[SourceVersionDate "2020.03.16"]
[WhiteTeam "Kölner SK Dr. Lasker 1"]
[BlackTeam "Langenfelder SF 1"]

1. e4 e6 2. d4 d5 3. Nc3 Nf6 4. e5 Nfd7 5. f4 c5 6. Nf3 Nc6 7. Be3 h6 8. Qd2 g5
9. dxc5 gxf4 10. Bxf4 a6 11. O-O-O Nxc5 12. Nd4 Nxd4 13. Qxd4 Bd7 14. Be2 Rc8
15. Rhf1 h5 16. Nxd5 exd5 17. e6 Nxe6 18. Qxh8 Nxf4 19. Rxf4 Qg5 20. g3 Ke7 21.
Kb1 Bh6 22. Qd4 Qg6 23. Bd3 Qd6 24. Re1+ 1-0

[Event "Langenfelder SF 1 - Kölner SK Dr. Lask"]
[Site "NRW-Liga - Gruppe 1 2021/2022"]
[Date "2021.10.31"]
[Round "1.4"]
[White "Pejkovic, Patrick Slavko"]
[Black "Pfeffer, Ruprecht"]
[Result "1/2-1/2"]
[WhiteElo "2058"]
[BlackElo "2215"]
[PlyCount "67"]
[EventDate "2021.??.??"]
[SourceVersionDate "2020.03.16"]
[WhiteTeam "Langenfelder SF 1"]
[BlackTeam "Kölner SK Dr. Lasker 1"]

1. Nf3 Nf6 2. d4 g6 3. Bf4 Bg7 4. e3 d5 5. c4 O-O 6. Nc3 c5 7. Be2 cxd4 8. exd4
Nc6 9. O-O b6 10. Qa4 Bb7 11. Rfd1 dxc4 12. Bxc4 Na5 13. Be2 Nd5 14. Nxd5 Qxd5
15. Ne1 Qf5 16. Be3 Rfd8 17. Bf3 Bxf3 18. Nxf3 Qd7 19. Qxd7 Rxd7 20. Rdc1 f6
21. Rc2 Nb7 22. Rac1 Rad8 23. Kf1 Kf7 24. g4 Ke6 25. Ke2 Kd5 26. Ne1 Ke6 27.
Nd3 Kf7 28. Ne1 Nd6 29. Nf3 Rb8 30. Rc7 Rb7 31. R7c6 b5 32. b3 b4 33. Bd2 Nb5
34. R1c4 1/2-1/2

[Event "Langenfelder SF 1 - Kölner SK Dr. Lask"]
[Site "NRW-Liga - Gruppe 1 2021/2022"]
[Date "2021.10.31"]
[Round "1.5"]
[White "Bussard, Christian"]
[Black "Reinemer, Frank"]
[Result "1-0"]
[WhiteElo "2234"]
[BlackElo "2083"]
[PlyCount "87"]
[EventDate "2021.??.??"]
[SourceVersionDate "2020.03.16"]
[WhiteTeam "Kölner SK Dr. Lasker 1"]
[BlackTeam "Langenfelder SF 1"]

1. d4 f5 2. c4 Nf6 3. Nc3 g6 4. g3 Bg7 5. Bg2 O-O 6. Bg5 h6 7. Bxf6 Bxf6 8. e4
d6 9. exf5 gxf5 10. Nge2 c6 11. Qc2 Qe8 12. d5 Na6 13. O-O Nc7 14. Rfe1 Bd7 15.
Bf3 e5 16. Nf4 c5 17. Bh5 Qc8 18. Ng6 Rf7 19. Nxe5 Bxe5 20. Bxf7+ Kxf7 21. Qd2
Qh8 22. f4 Bd4+ 23. Kg2 Re8 24. Qd3 Bxc3 25. bxc3 Rxe1 26. Rxe1 Ne8 27. Qe2 Qf8
28. Qb2 b6 29. Qa3 Nf6 30. Qxa7 Qd8 31. Re6 Ne4 32. Rxh6 Kg7 33. Re6 Kg8 34.
Qb7 Bxe6 35. dxe6 Qe8 36. Qd5 Nxc3 37. Qxf5 Nxa2 38. h4 Nb4 39. h5 Qa8+ 40. Kh3
Qh1+ 41. Kg4 Qd1+ 42. Kg5 Qe1 43. Qf7+ Kh8 44. Kh6 1-0

[Event "Langenfelder SF 1 - Kölner SK Dr. Lask"]
[Site "NRW-Liga - Gruppe 1 2021/2022"]
[Date "2021.10.31"]
[Round "1.6"]
[White "Vetter, Herbert"]
[Black "Cramer, Volker"]
[Result "0-1"]
[WhiteElo "2038"]
[BlackElo "2082"]
[Annotator "daniel"]
[PlyCount "87"]
[EventDate "2021.??.??"]
[SourceVersionDate "2020.03.16"]
[WhiteTeam "Langenfelder SF 1"]
[BlackTeam "Kölner SK Dr. Lasker 1"]

1. e4 e6 2. d4 d5 3. exd5 exd5 4. Bd3 Bd6 5. Ne2 Ne7 6. Bf4 Bxf4 7. Nxf4 Qd6 8.
Qd2 Nbc6 9. c3 Ng6 10. Nh5 $11 O-O 11. O-O Nce7 12. Na3 Bg4 13. Qg5 f5 14. Nxg7
Kxg7 15. h3 h6 16. Qd2 Bh5 17. Rfe1 Rf7 18. Nb5 Qb6 19. c4 a6 20. c5 Qc6 21.
Nc3 Qf6 22. Bc2 Qg5 23. Qxg5 hxg5 24. Bb3 c6 25. Re6 Rf6 26. Rae1 Rxe6 27. Rxe6
Kf7 28. Rd6 Nf8 29. f3 Re8 30. Kf2 Nc8 31. Nxd5 Nxd6 32. Nf4+ Ne6 33. Nxe6 Nb5
34. Nc7+ Kf6 35. Nxe8+ Bxe8 36. d5 cxd5 37. Bxd5 Bc6 38. Bg8 a5 39. Ke3 f4+ 40.
Kd3 Ke5 41. Kc4 Nc7 42. a3 Bb5+ 43. Kc3 Bf1 44. Bh7 0-1

[Event "Langenfelder SF 1 - Kölner SK Dr. Lask"]
[Site "NRW-Liga - Gruppe 1 2021/2022"]
[Date "2021.10.31"]
[Round "1.7"]
[White "Wiekert, Martin"]
[Black "Wolfradt, Dirk"]
[Result "1-0"]
[WhiteElo "2289"]
[BlackElo "2040"]
[PlyCount "49"]
[EventDate "2021.??.??"]
[SourceVersionDate "2020.03.16"]
[WhiteTeam "Kölner SK Dr. Lasker 1"]
[BlackTeam "Langenfelder SF 1"]

1. d4 Nf6 2. Nc3 d5 3. Bf4 Bf5 4. f3 e6 5. g4 Bg6 6. h4 h6 7. e3 Bd6 8. Bd3
Bxf4 9. exf4 Bxd3 10. Qxd3 Qd6 11. Nge2 a6 12. O-O-O Nc6 13. f5 Nb4 14. Qe3
O-O-O 15. fxe6 Rhe8 16. Nf4 g5 17. hxg5 hxg5 18. Nh5 Nxh5 19. Rxh5 f6 20. Re1
Qe7 21. f4 gxf4 22. Qxf4 Rd6 23. a3 Nc6 24. Nxd5 Qg7 25. c3 1-0

[Event "Langenfelder SF 1 - Kölner SK Dr. Lask"]
[Site "NRW-Liga - Gruppe 1 2021/2022"]
[Date "2021.10.31"]
[Round "1.8"]
[White "Weisshaupt, Rainer"]
[Black "Loseries, Uwe"]
[Result "1/2-1/2"]
[WhiteElo "1976"]
[BlackElo "2125"]
[PlyCount "59"]
[EventDate "2021.??.??"]
[SourceVersionDate "2020.03.16"]
[WhiteTeam "Langenfelder SF 1"]
[BlackTeam "Kölner SK Dr. Lasker 1"]

1. e4 c6 2. Nc3 d5 3. Nf3 Bg4 4. d4 dxe4 5. Nxe4 Bxf3 6. gxf3 e6 7. c3 Qc7 8.
Bd3 Nd7 9. Be3 Ngf6 10. Qd2 Nd5 11. c4 Bb4 12. Nc3 Nxe3 13. fxe3 e5 14. a3 exd4
15. axb4 dxc3 16. Qxc3 Qe5 17. Qxe5+ Nxe5 18. Be2 O-O 19. Kf2 a6 20. Rhd1 Rfd8
21. f4 Ng6 22. Bf3 Kf8 23. Ke2 Rxd1 24. Rxd1 Ke7 25. b5 axb5 26. cxb5 Ra2 27.
bxc6 Rxb2+ 28. Rd2 Rxd2+ 29. Kxd2 bxc6 30. Bxc6 1/2-1/2

[Event "SG Niederkassel 1 - SV Mülheim-Nord 3"]
[Site "NRW-Liga - Gruppe 1 2021/2022"]
[Date "2021.10.31"]
[Round "1.1"]
[White "Walter, Andreas"]
[Black "Wigger, Jochen"]
[Result "1/2-1/2"]
[WhiteElo "2174"]
[BlackElo "2273"]
[PlyCount "35"]
[EventDate "2021.??.??"]
[SourceVersionDate "2020.03.16"]
[WhiteTeam "SV Mülheim-Nord 3"]
[BlackTeam "SG Niederkassel 1"]

1. d4 d5 2. c4 c6 3. Nc3 Nf6 4. e3 a6 5. Nf3 b5 6. c5 Bg4 7. a4 b4 8. Ne2 a5 9.
Ne5 Bc8 10. f4 g6 11. Ng3 Bg7 12. Bd3 Ba6 13. Bc2 Qc7 14. Qf3 Nbd7 15. Nd3 e6
16. Bd2 Ng8 17. h4 Bxd3 18. Bxd3 1/2-1/2

[Event "SG Niederkassel 1 - SV Mülheim-Nord 3"]
[Site "NRW-Liga - Gruppe 1 2021/2022"]
[Date "2021.10.31"]
[Round "1.3"]
[White "Kuipers, Dustin"]
[Black "Lamprecht, Mark"]
[Result "0-1"]
[WhiteElo "2093"]
[BlackElo "2157"]
[PlyCount "140"]
[EventDate "2021.??.??"]
[SourceVersionDate "2020.03.16"]
[WhiteTeam "SV Mülheim-Nord 3"]
[BlackTeam "SG Niederkassel 1"]

1. Nf3 f5 2. d3 d5 3. c4 e6 4. cxd5 exd5 5. g3 Nf6 6. Bg2 c6 7. O-O Be7 8. e3
O-O 9. Nc3 Na6 10. a3 Nc7 11. b4 a6 12. Rb1 Bd7 13. Qb3 Kh8 14. Ne2 Ne6 15.
Ned4 Nxd4 16. Nxd4 Qe8 17. a4 Rc8 18. Bd2 Qh5 19. Rfc1 Bd6 20. Qd1 Qxd1+ 21.
Rxd1 b6 22. a5 bxa5 23. bxa5 c5 24. Ne2 Ba4 25. Re1 Bb5 26. Nc1 Rfe8 27. h3 h6
28. f4 Kh7 29. Kf2 c4 30. dxc4 dxc4 31. Ne2 Bc5 32. Nd4 Bxd4 33. exd4 c3 34.
Rxe8 Nxe8 35. Be3 Nd6 36. Bd5 c2 37. Rc1 Bd3 38. Ke1 Kg6 39. Kd2 Be4 40. Bb3
Rb8 41. Kc3 Rc8+ 42. Kb2 Kf6 43. Bf2 Rb8 44. Ka2 Rc8 45. Kb2 Nc4+ 46. Bxc4 Rxc4
47. Be3 Ke6 48. Kb3 Kd5 49. Rg1 Bd3 50. g4 g6 51. Re1 Rc7 52. Bc1 Be4 53. Bb2
fxg4 54. hxg4 h5 55. gxh5 gxh5 56. Rg1 Bf3 57. Rg5+ Ke4 58. Re5+ Kxf4 59. Bc1+
Kg3 60. Rc5 Rd7 61. Kxc2 Rxd4 62. Bg5 h4 63. Kc3 Ra4 64. Kb3 Bd1+ 65. Kc3 h3
66. Be7 h2 67. Bd6+ Rf4 68. Rc4 h1=Q 69. Bxf4+ Kf3 70. Bc7 Qe1+ 0-1

[Event "SG Niederkassel 1 - SV Mülheim-Nord 3"]
[Site "NRW-Liga - Gruppe 1 2021/2022"]
[Date "2021.10.31"]
[Round "1.4"]
[White "Stanetzek, Carsten"]
[Black "Limbourg, Marina"]
[Result "1/2-1/2"]
[WhiteElo "2141"]
[BlackElo "2013"]
[PlyCount "81"]
[EventDate "2021.??.??"]
[SourceVersionDate "2020.03.16"]
[WhiteTeam "SG Niederkassel 1"]
[BlackTeam "SV Mülheim-Nord 3"]

1. e4 c5 2. Nf3 e6 3. g3 a6 4. Bg2 b5 5. d4 cxd4 6. Nxd4 Bb7 7. O-O Qc7 8. Qe2
Bc5 9. Nb3 Be7 10. a4 b4 11. c3 Nc6 12. a5 d6 13. Be3 Nf6 14. Rc1 bxc3 15. Nxc3
O-O 16. Nd2 Rac8 17. b4 Qd8 18. b5 Nb4 19. Bb6 Qd7 20. Rab1 d5 21. exd5 exd5
22. Nf3 axb5 23. Nd4 Rc4 24. Ncxb5 Rfc8 25. Rxc4 dxc4 26. Nf5 Qxf5 27. Rxb4
Bxb4 28. Bxb7 Qxb5 29. Bxc8 Bxa5 30. Bxa5 Qxa5 31. Qxc4 Qe1+ 32. Kg2 Qe4+ 33.
Qxe4 Nxe4 34. Kf3 Nd6 35. Ba6 f6 36. Bd3 g6 37. Ke3 Kf7 38. Kd4 Ke6 39. h4 f5
40. Bb1 h6 41. f4 1/2-1/2

[Event "SG Niederkassel 1 - SV Mülheim-Nord 3"]
[Site "NRW-Liga - Gruppe 1 2021/2022"]
[Date "2021.10.31"]
[Round "1.5"]
[White "Mainusch, Martin"]
[Black "Kaeser, Udo"]
[Result "1/2-1/2"]
[WhiteElo "1963"]
[BlackElo "2267"]
[PlyCount "109"]
[EventDate "2021.??.??"]
[SourceVersionDate "2020.03.16"]
[WhiteTeam "SV Mülheim-Nord 3"]
[BlackTeam "SG Niederkassel 1"]

1. Nf3 d5 2. g3 Nf6 3. Bg2 g6 4. b3 Bg7 5. Bb2 O-O 6. O-O c5 7. c4 d4 8. b4
Nfd7 9. d3 cxb4 10. a3 bxa3 11. Bxa3 Nc6 12. Nbd2 Qc7 13. Qc2 b6 14. Rab1 Bb7
15. Rfc1 Rfc8 16. Ne4 Na5 17. Ned2 Nc5 18. Qa2 Na4 19. Bb4 Nc3 20. Bxc3 dxc3
21. Nf1 e5 22. e4 Bf8 23. Rxc3 Bc5 24. Ne3 Nc6 25. Nd5 Qd6 26. Qd2 Kg7 27. Rcb3
f6 28. h4 h5 29. Nh2 Nd4 30. R3b2 Rh8 31. Nf1 Bc8 32. Nfe3 Bd7 33. Nc3 Bc6 34.
Ned5 Rhf8 35. Ne2 Rf7 36. Nxd4 Bxd4 37. Ra2 a6 38. Rf1 b5 39. cxb5 Bxb5 40. Kh1
Rc8 41. Bh3 Rc5 42. Rg1 f5 43. Ne3 Bxe3 44. Qxe3 f4 45. gxf4 Rxf4 46. Rg3 Rc3
47. Bf5 Rxh4+ 48. Kg2 Rg4 49. Bxg4 hxg4 50. Qa7+ Rc7 51. Qb8 Qc5 52. Ra1 Rc8
53. Qb7+ Rc7 54. Qb8 Rc8 55. Qb7+ 1/2-1/2

[Event "SG Niederkassel 1 - SV Mülheim-Nord 3"]
[Site "NRW-Liga - Gruppe 1 2021/2022"]
[Date "2021.10.31"]
[Round "1.6"]
[White "Mauelshagen, Martin"]
[Black "Grodotzki, Kenneth"]
[Result "0-1"]
[WhiteElo "2114"]
[BlackElo "1957"]
[Annotator "daniel"]
[PlyCount "62"]
[EventDate "2021.??.??"]
[SourceVersionDate "2020.03.16"]
[WhiteTeam "SG Niederkassel 1"]
[BlackTeam "SV Mülheim-Nord 3"]

1. d4 f5 2. e4 fxe4 3. Nc3 Nf6 4. Bg5 Nc6 5. d5 Ne5 6. Qd4 Nf7 7. Bxf6 exf6 8.
Nxe4 f5 9. Ng3 g6 10. h4 h5 11. O-O-O Bh6+ 12. Kb1 O-O 13. Bc4 Nd6 14. Bb3 b5
15. Nf3 a5 16. a3 Bg7 17. Qf4 Qf6 18. Qd4 Ba6 19. Rhe1 Rfe8 20. c3 Qxd4 21.
Rxe8+ $11 Rxe8 22. Nxd4 Bf6 23. Nf3 b4 24. cxb4 axb4 25. Rc1 f4 26. Nf1 bxa3
27. N1d2 Bd3+ 28. Bc2 Rb8 29. b3 a2+ 30. Kxa2 Ra8+ 31. Kb1 Ra1# 0-1

[Event "SG Niederkassel 1 - SV Mülheim-Nord 3"]
[Site "NRW-Liga - Gruppe 1 2021/2022"]
[Date "2021.10.31"]
[Round "1.7"]
[White "Schmidt, Kevin"]
[Black "Broehl, Stephan"]
[Result "1/2-1/2"]
[WhiteElo "1926"]
[BlackElo "2088"]
[Annotator "daniel"]
[PlyCount "158"]
[EventDate "2021.??.??"]
[SourceVersionDate "2020.03.16"]
[WhiteTeam "SV Mülheim-Nord 3"]
[BlackTeam "SG Niederkassel 1"]

1. e4 c6 2. d4 d5 3. Nc3 dxe4 4. Nxe4 Nf6 5. Nxf6+ exf6 6. Bc4 Qe7+ 7. Qe2 Be6
8. Bxe6 Qxe6 9. Bf4 Na6 10. c3 O-O-O 11. Qxe6+ fxe6 12. Ne2 c5 13. a3 cxd4 14.
cxd4 Bd6 15. O-O Nc7 16. Be3 Nd5 17. Rac1+ Kd7 18. Nc3 Rc8 19. Ne4 b6 20. Rxc8
Rxc8 21. Rc1 Rxc1+ 22. Bxc1 Be7 23. Kf1 Kc6 24. Ke2 f5 25. Ng3 Kb5 26. Kd3 g6
27. Ne2 Bd6 28. g3 Kc6 29. Ng1 $11 Nf6 30. f3 h5 31. Bg5 Nh7 32. Nh3 Kd5 33.
Bf4 Be7 34. Bb8 Bd6 35. Bxd6 Kxd6 36. Nf4 Nf8 37. Kc4 a6 38. a4 e5 39. dxe5+
Kxe5 40. Nd3+ Kd6 41. Nb4 a5 42. Nd5 Nd7 43. f4 g5 44. Kd4 gxf4 45. gxf4 Ke6
46. Kc4 Kd6 47. Ne3 Ke6 48. Kb5 Nc5 49. Nc4 Nd3 50. Kxb6 Nxf4 51. Kxa5 Nd3 52.
Kb5 f4 53. a5 Kd7 54. b4 f3 55. Nd2 f2 56. Nf1 Kc7 57. Kc4 Ne5+ 58. Kd5 Nc6 59.
Kc5 Kb7 60. a6+ Kc7 61. b5 Ne5 62. b6+ Kb8 63. Kd5 Nd7 64. b7 Ka7 65. Ke6 Nc5+
66. Kf5 Nxa6 67. Kg5 Nc5 68. Kxh5 Ne6 69. Kg6 Kxb7 70. Kf6 Nf8 71. h4 Kc6 72.
Kf5 Kd5 73. h5 Kd4 74. Kf4 Kd5 75. Kf3 Ke5 76. Kxf2 Kf4 77. Ng3 Kg5 78. Kf3 Nh7
79. Ne4+ Kxh5 1/2-1/2

[Event "SG Niederkassel 1 - SV Mülheim-Nord 3"]
[Site "NRW-Liga - Gruppe 1 2021/2022"]
[Date "2021.10.31"]
[Round "1.8"]
[White "Schnellbacher, Jan Eric"]
[Black "Horn, Ruediger"]
[Result "1/2-1/2"]
[WhiteElo "1928"]
[BlackElo "1748"]
[PlyCount "74"]
[EventDate "2021.??.??"]
[SourceVersionDate "2020.03.16"]
[WhiteTeam "SG Niederkassel 1"]
[BlackTeam "SV Mülheim-Nord 3"]

1. e4 d5 2. exd5 Qxd5 3. Nc3 Qa5 4. Bc4 Nf6 5. d3 c6 6. Bd2 Bg4 7. f3 Bh5 8.
Qe2 Nbd7 9. g4 Bg6 10. f4 h6 11. f5 Bh7 12. Nb5 Qxb5 13. Bxb5 cxb5 14. Qg2
O-O-O 15. a4 b4 16. Bxb4 e6 17. Bxf8 Rhxf8 18. a5 a6 19. Ra3 Rfe8 20. Rb3 Nd5
21. d4 exf5+ 22. Ne2 N7f6 23. O-O Ne4 24. Ng3 f4 25. Nxe4 Bxe4 26. Qd2 g5 27.
c4 Ne3 28. Re1 Nxg4 29. Qb4 Ne3 30. d5 Rd7 31. Rexe3 fxe3 32. Rxe3 f5 33. Qb6
f4 34. Re1 Rh7 35. Qa7 Rhe7 36. Qb6 Rh7 37. Qa7 Rhe7 1/2-1/2